Cutest ever baby knits

Bibliographic Details
Main Author: Pierce, Val
Format: Book
Published: US : Trafalgar Square Books , 2011
Subjects:

MARC

LEADER 00000cam a2200000 7i4500
001 0000045965
005 20150225.0
008 150225
020 |a 9781570764905 
090 0 0 |a 746.4320432   |b PIE 
100 1 |a Pierce, Val 
245 1 0 |a Cutest ever baby knits   |c Val Pierce 
260 |a US :   |b Trafalgar Square Books ,   |c 2011 
650 0 |a Infants clothing 
650 0 |a Knitting   |x Pattens 
650 0 |a Socks 
999 |a 0001335990   |b Book   |c Adult Collection   |e Perbadanan Perpustakaan Awam Johor